004750000a2200157000450024501010000065000220010165000220012365000230014565300270016804100130019570000220020870000180023070000140024810000210026277300340028310aRole of greater yellow-headed vultures Cathartes melambrotus as scavengers in neotropical forest14aAves carroñeras14aEcología animal14aBosques tropicales vbuitre cabeza amarilla0 aInglés1 aHouston, David C.1 aCotton, Peter1 aTye, Alan1 aGómez, Luis G.1 tIBIS3327h136q193-196d1994